|
|
|
|
| LEADER |
00000nam0a2200000 4500 |
| 001 |
303667 |
| 005 |
20231102001627.0 |
| 020 |
|
|
|a RU
|b 83-24183
|
| 035 |
|
|
|a (RuTPU)RU\TPU\book\328894
|
| 090 |
|
|
|a 303667
|
| 100 |
|
|
|a 20150903d1983 k y0rusy5003 ca
|
| 101 |
0 |
|
|a rus
|
| 102 |
|
|
|a RU
|
| 105 |
|
|
|a y z 001zy
|
| 200 |
1 |
|
|a Применение теории возмущений в космической геодезии
|f Ю. В. Плахов
|
| 210 |
|
|
|a Москва
|c Недра
|d 1983
|
| 215 |
|
|
|a 201 с.
|
| 320 |
|
|
|a Библиогр.: с. 199-200
|
| 606 |
1 |
|
|a Космическая геодезия
|2 stltpush
|3 (RuTPU)RU\TPU\subj\15766
|9 41976
|
| 610 |
1 |
|
|a математические методы
|
| 610 |
1 |
|
|a теория возмущений
|
| 610 |
1 |
|
|a промежуточные орбиты
|
| 610 |
1 |
|
|a спутники
|
| 610 |
1 |
|
|a дифференциальные уравнения
|
| 610 |
1 |
|
|a возмущенные движения
|
| 610 |
1 |
|
|a ускорение
|
| 610 |
1 |
|
|a функции
|
| 610 |
1 |
|
|a эллиптическое движение
|
| 610 |
1 |
|
|a приближенное интегрирование
|
| 610 |
1 |
|
|a динамические задачи
|
| 610 |
1 |
|
|a уравнения возмущенного движения
|
| 675 |
|
|
|a 528.2:629.78
|v 4
|
| 700 |
|
1 |
|a Плахов
|b Ю. В.
|g Юрий Васильевич
|
| 801 |
|
0 |
|a RU
|b RuMRKP
|c 19950704
|g psbo
|
| 801 |
|
1 |
|a RU
|b 63413507
|c 20150903
|
| 801 |
|
2 |
|a RU
|b 63413507
|c 20170929
|g RCR
|
| 942 |
|
|
|c BK
|